000 00306nam a22001457a 4500
008 211018b ||||| |||| 00| 0 eng d
020 _a9781881052951
041 _aeng
080 _a658
082 _a658
100 _a54
101 _aLID
245 _aA Simpler way
_cWheatley,M.J
942 _2udc
_cBK
999 _c58238
_d58238